| 000 | 00371nam a2200145Ia 4500 | ||
|---|---|---|---|
| 008 | 230917s9999||||xx |||||||||||||| ||und|| | ||
| 040 |
_e149071 _aMAIN |
||
| 041 | _aEnglish | ||
| 082 | _a294.382 Y26C | ||
| 100 | _aYashpal | ||
| 245 | 0 | _aCultural study of early pali tipitakas 2 vol. | |
| 260 |
_aDelhi _bKalinga Publications _c1999 |
||
| 300 | _a284p p. | ||
| 942 | _cBK | ||
| 999 |
_c103067 _d103067 |
||